[Event "Qatar Masters Open 2014"]
[Site "Doha QAT"]
[Date "2014.12.04"]
[Round "9.34"]
[White "Fedorchuk, Sergey A"]
[Black "Debashis, Das"]
[Result "0-1"]
[WhiteElo "2664"]
[BlackElo "2485"]
[PlyCount "232"]
[EventDate "2014.11.26"]
[EventType "swiss"]
[EventRounds "9"]
[EventCountry "QAT"]
[Source "lmi"]
[SourceDate "2014.11.26"]

1. e4 c5 2. Nf3 d6 3. d4 cxd4 4. Nxd4 Nf6 5. Nc3 a6 6. Be2 e5 7. Nb3 Be7 8. O-O
O-O 9. Re1 Be6 10. Bf3 Nbd7 11. a4 Qb8 12. h3 Rc8 13. Nd2 Bd8 14. Nf1 Ba5 15.
Bd2 Qc7 16. Ne3 Qb6 17. Qe2 h6 18. Red1 Rc7 19. Qe1 Qxb2 20. Rdb1 Bxc3 21. Rxb2
Bxb2 22. Rd1 Bd4 23. Bb4 Rc6 24. c3 Bc5 25. a5 Rac8 26. Qe2 b6 27. Nd5 Bxd5 28.
exd5 R6c7 29. axb6 Nxb6 30. Qxa6 Ra8 31. Qb5 Nbd7 32. Bg4 Rb8 33. Qa4 Nb6 34.
Qa2 Ne4 35. Bxc5 Nxc5 36. Qa5 Rcb7 37. Qa2 Nba4 38. Rc1 Rb2 39. Qa3 R2b3 40.
Qa1 Nxc3 41. Bd1 Nxd1 42. Rxd1 R3b6 43. Qa5 Ne4 44. Rc1 Nc5 45. Rc2 g6 46. Qd2
Kg7 47. Kh2 Rb4 48. Qe1 Re4 49. Qa1 Ra4 50. Ra2 Rba8 51. Rxa4 Rxa4 52. Qb1 Rd4
53. Qa2 Nd7 54. Qa7 Nf6 55. Qe7 Rxd5 56. Qc7 Rd2 57. Kg1 Rd1+ 58. Kh2 Rd3 59.
Qc2 e4 60. Qb2 Rd5 61. Qc3 h5 62. Kg1 Rd3 63. Qb2 e3 64. fxe3 Rxe3 65. Qd4 Re6
66. Kf2 Kg8 67. Kf3 Kg7 68. Qc3 d5 69. Qd4 Re4 70. Qb2 d4 71. Qb5 Re3+ 72. Kf2
Ne4+ 73. Kg1 Ng3 74. Qd5 Nf5 75. Kf2 h4 76. Qc5 Re6 77. Qd5 Re3 78. Qc5 Re8 79.
Qb5 Rd8 80. Qe5+ Kg8 81. Ke2 Rd6 82. Qe8+ Kg7 83. Qe5+ Kh7 84. Qb5 Re6+ 85. Kf2
Ng3 86. Qd5 Nf5 87. Qb5 Kg7 88. Qc5 Re4 89. Qd5 Re3 90. Qc5 Kf6 91. Qb6+ Kg5
92. Qc7 Kf6 93. Qb6+ Re6 94. Qc7 Rd6 95. Ke2 Kg7 96. Qc5 Re6+ 97. Kf2 Re3 98.
Qc4 d3 99. Qc3+ Kh7 100. Qc4 Re2+ 101. Kf3 Re6 102. Qxd3 Re3+ 103. Qxe3 Nxe3
104. Kxe3 g5 105. Ke4 Kg6 106. Ke5 g4 107. Kf4 gxh3 108. gxh3 f5 109. Ke3 Kf6
110. Kf4 Ke6 111. Kg5 Ke5 112. Kxh4 f4 113. Kg4 Ke4 114. h4 f3 115. Kh3 Ke3
116. h5 f2 0-1

[Event "Qatar Masters Open 2014"]
[Site "Doha QAT"]
[Date "2014.12.04"]
[Round "9.35"]
[White "Kuzubov, Yuriy"]
[Black "Aravindh, Chithambaram Vr"]
[Result "1-0"]
[WhiteElo "2661"]
[BlackElo "2485"]
[PlyCount "67"]
[EventDate "2014.11.26"]
[EventType "swiss"]
[EventRounds "9"]
[EventCountry "QAT"]
[Source "lmi"]
[SourceDate "2014.11.26"]

1. d4 Nf6 2. c4 b6 3. Nc3 Bb7 4. f3 d6 5. e4 g6 6. Bg5 Nbd7 7. Qd2 e5 8. d5 h5
9. Bd3 Be7 10. Be3 h4 11. O-O-O Kf8 12. Kb1 Kg7 13. Nh3 Nc5 14. Bc2 a5 15. Nf2
Ba6 16. b3 Qd7 17. f4 exf4 18. Bd4 Qd8 19. Qxf4 Kg8 20. Rhf1 Rh7 21. e5 dxe5
22. Bxe5 Nh5 23. Qf3 Bd6 24. Bd4 Nd7 25. Ng4 Qf8 26. Ne4 f5 27. Ng5 Re8 28. Ne6
Qf7 29. Qe3 Nf4 30. Rxf4 Bxf4 31. Qxf4 fxg4 32. Qxg4 Rh6 33. Qg5 Qh7 34. Nxc7
1-0

[Event "Qatar Masters Open 2014"]
[Site "Doha QAT"]
[Date "2014.12.04"]
[Round "9.36"]
[White "Shyam, Sundar M"]
[Black "Mchedlishvili, Mikheil"]
[Result "1-0"]
[WhiteElo "2484"]
[BlackElo "2622"]
[PlyCount "57"]
[EventDate "2014.11.26"]
[EventType "swiss"]
[EventRounds "9"]
[EventCountry "QAT"]
[Source "lmi"]
[SourceDate "2014.11.26"]

1. Nf3 Nf6 2. g3 g6 3. Bg2 Bg7 4. O-O O-O 5. d4 d5 6. c3 Nbd7 7. Re1 c5 8. dxc5
Nxc5 9. Be3 b6 10. Nbd2 Bb7 11. h3 Nfd7 12. Nb3 e5 13. Nh2 Ne4 14. a4 Qc7 15.
a5 Rad8 16. axb6 axb6 17. Ra4 Ndc5 18. Nxc5 Nxc5 19. Ra7 Qb8 20. Qa1 Rd6 21.
Rd1 Rfd8 22. Qa3 Qc8 23. Nf1 d4 24. Bxb7 Nxb7 25. cxd4 exd4 26. Bg5 f6 27. Rc1
Rc6 28. Qe7 Bf8 29. Qxb7 1-0

[Event "Qatar Masters Open 2014"]
[Site "Doha QAT"]
[Date "2014.12.04"]
[Round "9.37"]
[White "Socko, Bartosz"]
[Black "Georgiadis, Nico"]
[Result "0-1"]
[WhiteElo "2614"]
[BlackElo "2460"]
[PlyCount "68"]
[EventDate "2014.11.26"]
[EventType "swiss"]
[EventRounds "9"]
[EventCountry "QAT"]
[Source "lmi"]
[SourceDate "2014.11.26"]

1. d4 Nf6 2. c4 e6 3. Nc3 Bb4 4. Qc2 b6 5. a3 Bxc3+ 6. Qxc3 Bb7 7. Bg5 h6 8.
Bh4 g5 9. Bg3 Ne4 10. Qc2 d6 11. f3 Nxg3 12. hxg3 Nd7 13. e3 Qe7 14. Bd3 O-O-O
15. O-O-O f5 16. Ne2 Kb8 17. Nc3 h5 18. Rhe1 h4 19. gxh4 gxh4 20. f4 Rdg8 21.
Rd2 Qg7 22. d5 Nc5 23. Bf1 Qg3 24. Kd1 exd5 25. cxd5 Re8 26. Qxf5 Bc8 27. Qf6
Rhf8 28. Qh6 Bg4+ 29. Be2 Qxe3 30. Qxf8 Rxf8 31. Bxg4 Qxf4 32. Bh3 Nb3 33. Rc2
Qd4+ 34. Ke2 Rf2# 0-1

[Event "Qatar Masters Open 2014"]
[Site "Doha QAT"]
[Date "2014.12.04"]
[Round "9.38"]
[White "Ipatov, Alexander"]
[Black "Neelotpal, Das"]
[Result "1/2-1/2"]
[WhiteElo "2608"]
[BlackElo "2424"]
[PlyCount "88"]
[EventDate "2014.11.26"]
[EventType "swiss"]
[EventRounds "9"]
[EventCountry "QAT"]
[Source "lmi"]
[SourceDate "2014.11.26"]

1. d4 d5 2. c4 c6 3. Nf3 Nf6 4. Nc3 e6 5. Qd3 dxc4 6. Qxc4 b5 7. Qd3 Nbd7 8. e4
b4 9. Na4 Qa5 10. b3 c5 11. Be3 Bb7 12. dxc5 Bxe4 13. Qb5 Qxb5 14. Bxb5 a6 15.
Bxd7+ Nxd7 16. Rc1 Rc8 17. O-O Bc6 18. Nb6 Nxb6 19. cxb6 Bd6 20. Nd2 Ke7 21.
Nc4 Bd5 22. Rfd1 Bc5 23. Na5 Bxe3 24. fxe3 Rc3 25. Rxc3 bxc3 26. Rc1 Rb8 27.
Rxc3 Rxb6 28. Rc7+ Kf6 29. Nc4 Rc6 30. Rxc6 Bxc6 31. Kf2 e5 32. Nd2 Ke6 33. e4
h5 34. Ke3 g6 35. g3 f5 36. b4 Kf6 37. Nb3 Bxe4 38. Nc5 Bd5 39. a4 Bc4 40. Nd7+
Ke6 41. Nf8+ Kf7 42. Nd7 Ke6 43. Nf8+ Kf7 44. Nd7 Ke6 1/2-1/2

[Event "Qatar Masters Open 2014"]
[Site "Doha QAT"]
[Date "2014.12.04"]
[Round "9.39"]
[White "Sandipan, Chanda"]
[Black "Nezad, Husein Aziz"]
[Result "0-1"]
[WhiteElo "2603"]
[BlackElo "2396"]
[PlyCount "108"]
[EventDate "2014.11.26"]
[EventType "swiss"]
[EventRounds "9"]
[EventCountry "QAT"]
[Source "lmi"]
[SourceDate "2014.11.26"]

1. Nf3 d5 2. g3 c6 3. Bg2 Bg4 4. d3 e6 5. O-O Nf6 6. Nbd2 Be7 7. Qe1 O-O 8. e4
a5 9. h3 Bh5 10. Nh2 Nfd7 11. f4 f5 12. g4 Bg6 13. Nb3 a4 14. Nd4 Bc5 15. c3
dxe4 16. dxe4 Bxd4+ 17. cxd4 Nf6 18. gxf5 exf5 19. e5 Nd5 20. Be3 Na6 21. a3
Nac7 22. Nf3 Ne6 23. Ng5 Nxg5 24. fxg5 f4 25. Bxd5+ Qxd5 26. Rxf4 Rxf4 27. Bxf4
Qxd4+ 28. Qf2 Qc4 29. Rd1 Rf8 30. Rd4 Qe6 31. Qe3 c5 32. Rd6 Qf5 33. Bg3 Qf1+
34. Kh2 Bf5 35. Bh4 Be6 36. Rxe6 Rf3 37. Re8+ Kf7 38. Rf8+ Kxf8 39. Qxc5+ Kg8
40. Qc8+ Rf8 41. Qc2 Qf4+ 42. Bg3 Qxg5 43. Qc4+ Kh8 44. h4 Qd2+ 45. Kh3 Qxb2
46. Qxa4 Qb1 47. h5 Qh1+ 48. Kg4 Qf3+ 49. Kh4 Qf7 50. Qg4 Qe7+ 51. Kh3 Qxa3 52.
h6 gxh6 53. e6 Qe3 54. Qb4 Rg8 0-1

[Event "Qatar Masters Open 2014"]
[Site "Doha QAT"]
[Date "2014.12.04"]
[Round "9.41"]
[White "Wen, Yang"]
[Black "Gagare, Shardul"]
[Result "1-0"]
[WhiteElo "2586"]
[BlackElo "2411"]
[PlyCount "89"]
[EventDate "2014.11.26"]
[EventType "swiss"]
[EventRounds "9"]
[EventCountry "QAT"]
[Source "lmi"]
[SourceDate "2014.11.26"]

1. d4 Nf6 2. Bg5 d5 3. e3 Ne4 4. Bf4 c5 5. Bd3 cxd4 6. exd4 Nc6 7. Bxe4 dxe4 8.
Ne2 Bf5 9. d5 Qa5+ 10. Nbc3 Rd8 11. O-O e5 12. Bd2 Nb4 13. Ng3 Bg6 14. h4 h6
15. h5 Bh7 16. a3 Nxd5 17. Qe2 Be7 18. Ncxe4 Qb6 19. c4 Nf4 20. Qg4 O-O 21. Nf5
Bxf5 22. Qxf5 Qe6 23. Qxe6 Nxe6 24. Bc3 f5 25. Ng3 Nd4 26. Rad1 f4 27. Ne4 Ne2+
28. Kh2 Rf5 29. Rxd8+ Bxd8 30. Kh3 Rxh5+ 31. Kg4 Nxc3 32. bxc3 Rh4+ 33. Kf5 Kf7
34. Rd1 Rh5+ 35. Kg4 Rh4+ 36. Kf3 Be7 37. Rd7 Ke6 38. Rxb7 g5 39. Rxa7 g4+ 40.
Ke2 Rh2 41. c5 f3+ 42. gxf3 g3 43. Ra6+ Kf7 44. c6 Bd8 45. Nxg3 1-0

[Event "Qatar Masters Open 2014"]
[Site "Doha QAT"]
[Date "2014.12.04"]
[Round "9.43"]
[White "Zhao, Jun"]
[Black "Konguvel, Ponnuswamy"]
[Result "1-0"]
[WhiteElo "2578"]
[BlackElo "2347"]
[PlyCount "55"]
[EventDate "2014.11.26"]
[EventType "swiss"]
[EventRounds "9"]
[EventCountry "QAT"]
[Source "lmi"]
[SourceDate "2014.11.26"]

1. c4 g6 2. Nc3 Bg7 3. d4 Nf6 4. e4 d6 5. Nf3 O-O 6. h3 e5 7. d5 a5 8. Bg5 Na6
9. g4 Qe8 10. Be2 Nd7 11. Rg1 Ndc5 12. h4 Kh8 13. h5 f5 14. h6 Bf6 15. Bxf6+
Rxf6 16. exf5 Nb4 17. a3 Nbd3+ 18. Bxd3 e4 19. Bxe4 Nxe4 20. Qd4 Nxc3+ 21. Kf1
Kg8 22. Qxf6 Qe2+ 23. Kg2 Qxf2+ 24. Kxf2 Ne4+ 25. Kf1 Nxf6 26. Re1 Bd7 27. Re7
Re8 28. Rg7+ 1-0

[Event "Qatar Masters Open 2014"]
[Site "Doha QAT"]
[Date "2014.12.04"]
[Round "9.45"]
[White "Seyb, Alexander"]
[Black "Ghaem Maghami, Ehsan"]
[Result "1/2-1/2"]
[WhiteElo "2412"]
[BlackElo "2559"]
[PlyCount "90"]
[EventDate "2014.11.26"]
[EventType "swiss"]
[EventRounds "9"]
[EventCountry "QAT"]
[Source "lmi"]
[SourceDate "2014.11.26"]

1. e4 c5 2. Nf3 d6 3. d4 cxd4 4. Nxd4 Nf6 5. Nc3 Nc6 6. Bg5 Bd7 7. Qd2 Rc8 8.
f4 Nxd4 9. Qxd4 Qa5 10. e5 dxe5 11. fxe5 e6 12. O-O-O Nd5 13. Nxd5 exd5 14.
Qxd5 Qxd5 15. Rxd5 Be7 16. Be3 a6 17. a3 Bf5 18. Bd3 Bd7 19. Rxd7 Kxd7 20. Bf5+
Kc6 21. Bxc8 Rxc8 22. Rf1 Rf8 23. c4 b5 24. cxb5+ axb5 25. Kc2 Kd5 26. Bd2 h5
27. Kb3 g5 28. Rf2 g4 29. Bb4 Bxb4 30. Kxb4 Kxe5 31. Kxb5 f5 32. a4 f4 33. a5
Kd6 34. b4 f3 35. gxf3 gxf3 36. h3 Kc7 37. Rc2+ Kb7 38. Rf2 Kc7 39. a6 Rf5+ 40.
Kc4 Rf4+ 41. Kc5 h4 42. Kd5 Kb6 43. Ke5 Rxb4 44. Rxf3 Kxa6 45. Kf5 Kb5 1/2-1/2

[Event "Qatar Masters Open 2014"]
[Site "Doha QAT"]
[Date "2014.12.04"]
[Round "9.46"]
[White "Xu, Jun"]
[Black "Christiansen, Johan-Sebastian"]
[Result "1-0"]
[WhiteElo "2523"]
[BlackElo "2310"]
[PlyCount "89"]
[EventDate "2014.11.26"]
[EventType "swiss"]
[EventRounds "9"]
[EventCountry "QAT"]
[Source "lmi"]
[SourceDate "2014.11.26"]

1. c4 e5 2. Nc3 Bb4 3. Nd5 Bc5 4. e3 c6 5. Nc3 Bb4 6. d4 d6 7. Nf3 e4 8. Nd2
Bxc3 9. bxc3 Qe7 10. Be2 Nf6 11. g4 O-O 12. Nf1 c5 13. Ng3 Nc6 14. h4 b6 15.
Rg1 Na5 16. g5 Ne8 17. Nxe4 Qxe4 18. Bf3 Qxh4 19. Bxa8 Nc7 20. Bf3 Re8 21. Qd3
Qh3 22. Rg3 Qh4 23. Bd2 Ba6 24. O-O-O Bxc4 25. Qc2 Qh2 26. Bg2 Qh5 27. Rh1 Qe2
28. Qxh7+ Kf8 29. Bf1 Qxf2 30. Qh3 Be6 31. Rf3 Bxh3 32. Rxf2 Be6 33. e4 Ke7 34.
d5 Bd7 35. c4 Nb7 36. Bc3 Rg8 37. Rh7 Ne8 38. Be2 a6 39. Bh5 Nd8 40. e5 g6 41.
e6 Nxe6 42. Rfxf7+ Kd8 43. Rxd7+ Kc8 44. Bg4 Nf8 45. Ra7+ 1-0

[Event "Qatar Masters Open 2014"]
[Site "Doha QAT"]
[Date "2014.12.04"]
[Round "9.47"]
[White "Gaponenko, Inna"]
[Black "Donchenko, Alexander"]
[Result "0-1"]
[WhiteElo "2381"]
[BlackElo "2523"]
[PlyCount "72"]
[EventDate "2014.11.26"]
[EventType "swiss"]
[EventRounds "9"]
[EventCountry "QAT"]
[Source "lmi"]
[SourceDate "2014.11.26"]

1. e4 c6 2. d4 d5 3. Nc3 dxe4 4. Nxe4 Bf5 5. Ng3 Bg6 6. h4 h6 7. Nf3 Nd7 8. h5
Bh7 9. Bd3 Bxd3 10. Qxd3 e6 11. Bd2 Ngf6 12. O-O-O Be7 13. Kb1 O-O 14. Ne4 Nxe4
15. Qxe4 Nf6 16. Qe2 Qd5 17. Ne5 Qe4 18. Qxe4 Nxe4 19. Be1 Rfd8 20. f3 Nf6 21.
Bf2 Rac8 22. g4 Kf8 23. c4 a6 24. Kc2 Ke8 25. g5 hxg5 26. h6 gxh6 27. Rxh6 Nd7
28. Rh7 Nxe5 29. Rh8+ Kd7 30. dxe5+ Kc7 31. Rdxd8 Rxd8 32. Rh7 Rf8 33. Be3 Kd7
34. Rg7 Rh8 35. Kd3 Ke8 36. Bxg5 Bf8 0-1

[Event "Qatar Masters Open 2014"]
[Site "Doha QAT"]
[Date "2014.12.04"]
[Round "9.48"]
[White "Libiszewski, Fabien"]
[Black "Belouadah, Saad"]
[Result "1/2-1/2"]
[WhiteElo "2522"]
[BlackElo "2305"]
[PlyCount "77"]
[EventDate "2014.11.26"]
[EventType "swiss"]
[EventRounds "9"]
[EventCountry "QAT"]
[Source "lmi"]
[SourceDate "2014.11.26"]

1. e4 d6 2. d4 Nf6 3. Nc3 e5 4. Nf3 Nbd7 5. Bc4 Be7 6. a4 O-O 7. O-O a6 8. a5
b5 9. axb6 cxb6 10. dxe5 dxe5 11. Bd5 Rb8 12. Be3 Qc7 13. Nh4 b5 14. Nf5 Nb6
15. Nxe7+ Qxe7 16. Bg5 h6 17. Bxf6 Qxf6 18. b4 Qe7 19. Qh5 Kh7 20. Rfb1 g6 21.
Qf3 Bb7 22. Rd1 Nxd5 23. Nxd5 Bxd5 24. Rxd5 Qxb4 25. h4 Rb6 26. h5 Kg7 27. Rad1
Rf6 28. Qe3 Re8 29. hxg6 Rxg6 30. Rd7 Ree6 31. c3 Qb3 32. Qa7 Re7 33. Qc5 Rxd7
34. Qxe5+ Rf6 35. Rxd7 Qb1+ 36. Kh2 Qe1 37. Qg3+ Rg6 38. Qe5+ Rf6 39. Qg3+
1/2-1/2

[Event "Qatar Masters Open 2014"]
[Site "Doha QAT"]
[Date "2014.12.04"]
[Round "9.49"]
[White "Xu, Yinglun"]
[Black "Ganguly, Surya Shekhar"]
[Result "1-0"]
[WhiteElo "2410"]
[BlackElo "2615"]
[PlyCount "125"]
[EventDate "2014.11.26"]
[EventType "swiss"]
[EventRounds "9"]
[EventCountry "QAT"]
[Source "lmi"]
[SourceDate "2014.11.26"]

1. d4 Nf6 2. c4 g6 3. Nc3 d5 4. cxd5 Nxd5 5. e4 Nxc3 6. bxc3 Bg7 7. Bb5+ c6 8.
Ba4 O-O 9. Ne2 c5 10. O-O Nc6 11. Be3 Qc7 12. Qc1 Bd7 13. d5 Ne5 14. Bxd7 Qxd7
15. Bh6 Nc4 16. Bxg7 Kxg7 17. Qg5 h6 18. Qh4 e6 19. Rad1 Rae8 20. Qg3 exd5 21.
Rxd5 Qc6 22. Qf4 f5 23. Rfd1 Nb6 24. Re5 fxe4 25. Qg3 Nc4 26. Red5 Qf6 27. Rxc5
e3 28. f3 Nd2 29. h4 b6 30. Rc7+ Rf7 31. Re1 Rxc7 32. Qxc7+ Re7 33. Qf4 Qxf4
34. Nxf4 Nc4 35. Kf1 g5 36. hxg5 hxg5 37. Nd3 Kf6 38. Ke2 Rh7 39. Rb1 a5 40.
Nb2 Nd2 41. Re1 Rh2 42. Rg1 g4 43. fxg4 Ne4 44. Nd1 Rh4 45. Rf1+ Kg5 46. Rf8
Rh2 47. Kxe3 Nf6 48. Kf3 Rh1 49. Ne3 Ra1 50. Rf7 Ne8 51. Rf5+ Kg6 52. Rb5 Rxa2
53. Rxb6+ Kf7 54. g5 Ra3 55. g6+ Kf8 56. Rb8 Rxc3 57. g7+ Kxg7 58. Rxe8 a4 59.
Ra8 Ra3 60. g4 Ra1 61. Kf4 a3 62. Nc2 Rf1+ 63. Kg5 1-0

[Event "Qatar Masters Open 2014"]
[Site "Doha QAT"]
[Date "2014.12.04"]
[Round "9.50"]
[White "Bologan, Viktor"]
[Black "Das, Sayantan"]
[Result "1/2-1/2"]
[WhiteElo "2643"]
[BlackElo "2444"]
[PlyCount "148"]
[EventDate "2014.11.26"]
[EventType "swiss"]
[EventRounds "9"]
[EventCountry "QAT"]
[Source "lmi"]
[SourceDate "2014.11.26"]

1. d4 d5 2. c4 e6 3. Nf3 Nf6 4. Nc3 Bb4 5. cxd5 exd5 6. Bg5 h6 7. Bh4 c5 8. e3
c4 9. Be2 Bf5 10. Ne5 O-O 11. O-O Bxc3 12. bxc3 g5 13. Bg3 Ne4 14. Rc1 f6 15.
Ng4 Kg7 16. f4 Qd7 17. Nf2 Nc6 18. Nxe4 Bxe4 19. Bh5 b5 20. Rf2 a5 21. Bg4 Qe7
22. h3 Bd3 23. Kh2 a4 24. Bf3 Rfd8 25. fxg5 hxg5 26. a3 Ra6 27. Rb2 Na7 28. Qd2
Re6 29. Re1 Be4 30. Bg4 f5 31. Bf3 Kg6 32. Rf1 Bd3 33. Re1 Be4 34. Qd1 Qxa3 35.
Rf2 Qe7 36. Ref1 Rf8 37. Bxe4 Rxe4 38. Qb1 Qa3 39. Be5 Qb3 40. Qc1 a3 41. Bd6
Rf7 42. Bxa3 Nc6 43. Bc5 b4 44. cxb4 Qxe3 45. Qa1 g4 46. Ra2 Rh7 47. Ra3 Qd2
48. Qd1 Qb2 49. Qa4 Nxd4 50. Qa8 Nf3+ 51. Rfxf3 gxf3 52. Rxf3 Qe5+ 53. Rg3+ Rg4
54. Qc6+ Qf6 55. Qxd5 Rxg3 56. Kxg3 c3 57. Bd4 Qh4+ 58. Kh2 Qf4+ 59. Kh1 Qc1+
60. Kh2 Qf4+ 61. Kh1 Qc1+ 62. Bg1 Rf7 63. Qe6+ Kg7 64. Qe5+ Kh7 65. Kh2 Qg5 66.
Qxc3 Qf4+ 67. Kh1 Rg7 68. Qb2 Qe4 69. b5 Rg3 70. Kh2 Qf4 71. Qd4 Qxd4 72. Bxd4
Rb3 73. b6 Kg6 74. g3 f4 1/2-1/2

[Event "Qatar Masters Open 2014"]
[Site "Doha QAT"]
[Date "2014.12.04"]
[Round "9.51"]
[White "Mista, Aleksander"]
[Black "Batsiashvili, Nino"]
[Result "1-0"]
[WhiteElo "2616"]
[BlackElo "2442"]
[PlyCount "81"]
[EventDate "2014.11.26"]
[EventType "swiss"]
[EventRounds "9"]
[EventCountry "QAT"]
[Source "lmi"]
[SourceDate "2014.11.26"]

1. e4 c6 2. d4 d5 3. Nd2 dxe4 4. Nxe4 Bf5 5. Ng3 Bg6 6. h4 h6 7. Nf3 Nd7 8. h5
Bh7 9. Bd3 Bxd3 10. Qxd3 e6 11. Bd2 Ngf6 12. O-O-O Be7 13. Kb1 O-O 14. Ne4 Nxe4
15. Qxe4 Nf6 16. Qe2 Qd5 17. Be3 Ng4 18. Bc1 Rfd8 19. Ne5 Nxe5 20. dxe5 Qc5 21.
Rdg1 Rd4 22. f4 Qc4 23. Qf3 Qd5 24. Qh3 Bc5 25. Rf1 Rd8 26. g4 Qe4 27. Re1 Qd5
28. g5 Re4 29. gxh6 Rxe1 30. Rxe1 gxh6 31. f5 Kh7 32. Qh4 Rd7 33. Qf4 Bf8 34.
Rg1 f6 35. exf6 exf5 36. Qg3 Qf7 37. b3 Kh8 38. Bb2 Bc5 39. Qb8+ Bf8 40. Ba3 c5
41. Bxc5 1-0

[Event "Qatar Masters Open 2014"]
[Site "Doha QAT"]
[Date "2014.12.04"]
[Round "9.52"]
[White "Thejkumar, M. S."]
[Black "Bogner, Sebastian"]
[Result "1-0"]
[WhiteElo "2443"]
[BlackElo "2598"]
[PlyCount "173"]
[EventDate "2014.11.26"]
[EventType "swiss"]
[EventRounds "9"]
[EventCountry "QAT"]
[Source "lmi"]
[SourceDate "2014.11.26"]

1. d4 Nf6 2. c4 e6 3. Nf3 b6 4. g3 Bb7 5. Bg2 Be7 6. O-O O-O 7. Re1 d5 8. cxd5
exd5 9. Nc3 Ne4 10. Bf4 Nd7 11. Qb3 Ndf6 12. Rad1 Bd6 13. Ne5 Qe7 14. Nb5 h6
15. Nxd6 cxd6 16. Nd3 Ng5 17. Rc1 Ne6 18. Be3 Ba6 19. Nb4 Bc4 20. Nxd5 Bxd5 21.
Bxd5 Nxd5 22. Qxd5 Rac8 23. Qf5 Qb7 24. d5 Nc5 25. Rc4 Qd7 26. Qxd7 Nxd7 27.
Rec1 Rxc4 28. Rxc4 Nf6 29. Bf4 Nxd5 30. Bxd6 Rd8 31. Ba3 f5 32. Kg2 Kf7 33. Rc6
h5 34. h4 Rd7 35. Bd6 Rd8 36. a3 Re8 37. Rc2 Ke6 38. Bf4 Nxf4+ 39. gxf4 Kd7 40.
Kf3 g6 41. e3 Kd6 42. Ke2 Kd7 43. f3 Re6 44. Rc4 Rf6 45. Kd3 a5 46. b4 axb4 47.
axb4 Rf8 48. b5 Rf6 49. Rd4+ Ke7 50. Kc4 Rf8 51. Kd5 Rf6 52. Ra4 Rd6+ 53. Kc4
Re6 54. Ra7+ Kf6 55. Rb7 Rxe3 56. Rxb6+ Ke7 57. Rxg6 Rxf3 58. b6 Kd7 59. Kc5
Kc8 60. Rg8+ Kb7 61. Rg7+ Kb8 62. Kc6 Rc3+ 63. Kd5 Rh3 64. Ke5 Rxh4 65. Kxf5
Rh1 66. Rh7 h4 67. Kg4 Rg1+ 68. Kh3 Rh1+ 69. Kg2 Rb1 70. b7 Rb3 71. Rxh4 Kxb7
72. Rh3 Rb4 73. Kf3 Kc7 74. Kg4 Kd7 75. Re3 Rb8 76. Re4 Kd6 77. f5 Rg8+ 78. Kh5
Kd7 79. Kh6 Rg3 80. f6 Rf3 81. Kg7 Rg3+ 82. Kf8 Rf3 83. f7 Rf2 84. Re7+ Kd8 85.
Re3 Kd7 86. Rg3 Ke6 87. Kg8 1-0

[Event "Qatar Masters Open 2014"]
[Site "Doha QAT"]
[Date "2014.12.04"]
[Round "9.53"]
[White "Indjic, Aleksandar"]
[Black "Sardana, Rishi"]
[Result "1-0"]
[WhiteElo "2538"]
[BlackElo "2415"]
[PlyCount "107"]
[EventDate "2014.11.26"]
[EventType "swiss"]
[EventRounds "9"]
[EventCountry "QAT"]
[Source "lmi"]
[SourceDate "2014.11.26"]

1. Nf3 d5 2. c4 c6 3. Qc2 Nf6 4. b3 Bg4 5. Bb2 e6 6. d3 Nbd7 7. Nbd2 Bd6 8. h3
Bh5 9. e3 Qe7 10. Be2 Ba3 11. Bc3 Bb4 12. Bxb4 Qxb4 13. a3 Qe7 14. d4 O-O 15.
Qb2 Ne4 16. Nxe4 dxe4 17. Ng1 Bxe2 18. Nxe2 e5 19. O-O exd4 20. exd4 f5 21. f4
exf3 22. Rxf3 Rae8 23. Nc3 Nf6 24. Rd1 g6 25. d5 Qc5+ 26. Kh1 cxd5 27. Nxd5
Nxd5 28. cxd5 Qd6 29. Qd4 b6 30. Rc3 Re4 31. Qf2 Qe5 32. Rc6 Re8 33. d6 Re1+
34. Rxe1 Qxe1+ 35. Qxe1 Rxe1+ 36. Kh2 Rd1 37. Rc8+ Kf7 38. Rc7+ Ke6 39. Rxh7 a5
40. d7 Rd3 41. a4 f4 42. h4 Kf5 43. Kg1 Kg4 44. Kf2 Rd2+ 45. Ke1 Rd6 46. Ke2
Re6+ 47. Kd3 Rd6+ 48. Ke4 Kg3 49. Ke5 Rd3 50. Rg7 Kxh4 51. Kxf4 g5+ 52. Ke5 g4
53. Ke6 Kg3 54. Rg8 1-0

[Event "Qatar Masters Open 2014"]
[Site "Doha QAT"]
[Date "2014.12.04"]
[Round "9.55"]
[White "Harika, Dronavalli"]
[Black "Kathmale, Sameer"]
[Result "1/2-1/2"]
[WhiteElo "2505"]
[BlackElo "2267"]
[PlyCount "86"]
[EventDate "2014.11.26"]
[EventType "swiss"]
[EventRounds "9"]
[EventCountry "QAT"]
[Source "lmi"]
[SourceDate "2014.11.26"]

1. Nf3 Nf6 2. c4 b6 3. d4 e6 4. e3 Bb7 5. Bd3 c5 6. O-O cxd4 7. exd4 d5 8. b3
Be7 9. Bb2 Nc6 10. Nbd2 O-O 11. Rc1 Rc8 12. Qe2 Qd6 13. a3 dxc4 14. bxc4 Rfd8
15. Rfd1 g6 16. Ne4 Nxe4 17. Bxe4 Na5 18. Bxb7 Nxb7 19. d5 Bf8 20. Ng5 Qf4 21.
Ne4 e5 22. g3 Qf5 23. Rc3 Nd6 24. Nxd6 Bxd6 25. Kg2 Re8 26. Re3 f6 27. f4 Re7
28. fxe5 fxe5 29. Rf1 Qd7 30. Re4 Rce8 31. h4 Rf7 32. Rxf7 Qxf7 33. Qf3 Qd7 34.
Qe2 Qf7 35. Re3 Qe7 36. h5 Qg5 37. hxg6 hxg6 38. Re4 Qf5 39. a4 Rf8 40. Re3 Re8
41. Rf3 Qg5 42. Qe4 Rf8 43. Rxf8+ Kxf8 1/2-1/2

[Event "Qatar Masters Open 2014"]
[Site "Doha QAT"]
[Date "2014.12.04"]
[Round "9.56"]
[White "Karthikeyan, Murali"]
[Black "Vijayalakshmi, Subbaraman"]
[Result "1-0"]
[WhiteElo "2497"]
[BlackElo "2335"]
[PlyCount "121"]
[EventDate "2014.11.26"]
[EventType "swiss"]
[EventRounds "9"]
[EventCountry "QAT"]
[Source "lmi"]
[SourceDate "2014.11.26"]

1. e4 c5 2. Nf3 Nc6 3. Bb5 e5 4. O-O Bd6 5. c3 Nge7 6. d4 cxd4 7. cxd4 exd4 8.
Nxd4 a6 9. Be2 O-O 10. Nc3 Be5 11. Nxc6 dxc6 12. f4 Bd4+ 13. Kh1 f5 14. Qb3+
Kh8 15. e5 b5 16. Bf3 Qb6 17. Ne2 Bc5 18. Bd2 Rd8 19. Qc2 Be6 20. Ba5 Qxa5 21.
Qxc5 Qc7 22. Rfd1 Rxd1+ 23. Rxd1 Bxa2 24. Qd6 Rc8 25. Qxc7 Rxc7 26. Rd8+ Bg8
27. Nd4 g6 28. Ne6 Ra7 29. Nc5 a5 30. e6 a4 31. Rd7 a3 32. bxa3 Rxa3 33. Kg1
Rc3 34. Rxe7 Rxc5 35. Re8 Kg7 36. e7 Bf7 37. Rb8 b4 38. e8=Q Bxe8 39. Rxe8 b3
40. Rb8 Rc3 41. Rb7+ Kf8 42. Kf2 c5 43. Bd1 c4 44. Rb4 Rd3 45. Be2 Rd4 46. g3
Ke7 47. Rxc4 Rd2 48. Rb4 Rb2 49. h4 Kd6 50. Ke3 Kc5 51. Rb5+ Kc6 52. Rb8 Kc5
53. Bd1 Kc4 54. Bxb3+ Rxb3+ 55. Rxb3 Kxb3 56. Kd4 Kc2 57. Ke5 Kd3 58. h5 Ke3
59. hxg6 hxg6 60. Kf6 Kf3 61. Kxg6 1-0

[Event "Qatar Masters Open 2014"]
[Site "Doha QAT"]
[Date "2014.12.04"]
[Round "9.57"]
[White "Asgarizadeh, Ahmad"]
[Black "Javakhishvili, Lela"]
[Result "1-0"]
[WhiteElo "2371"]
[BlackElo "2486"]
[PlyCount "73"]
[EventDate "2014.11.26"]
[EventType "swiss"]
[EventRounds "9"]
[EventCountry "QAT"]
[Source "lmi"]
[SourceDate "2014.11.26"]

1. e4 c5 2. Nf3 e6 3. d4 cxd4 4. Nxd4 a6 5. Bd3 Bc5 6. Nb3 Be7 7. Qg4 g6 8. Qe2
d6 9. O-O Nd7 10. a4 Ne5 11. a5 Nf6 12. Bh6 Nfg4 13. Bd2 O-O 14. Nc3 Nf6 15. f4
Nxd3 16. cxd3 Bd7 17. Be3 Bc6 18. Nd4 Rc8 19. f5 Bd7 20. Bh6 Re8 21. Qf3 Kh8
22. fxe6 fxe6 23. Qh3 Bf8 24. Bg5 Bg7 25. Qh4 Rf8 26. e5 dxe5 27. Ne4 exd4 28.
Nxf6 Rxf6 29. Bxf6 Bxf6 30. Rxf6 e5 31. Raf1 Bf5 32. Qg5 e4 33. dxe4 d3 34.
exf5 Rc5 35. Qe3 d2 36. Qxc5 Qxf6 37. Qc8+ 1-0